| 000 | 00965nam a2200277 a 4500 | ||
|---|---|---|---|
| 001 | 27012 | ||
| 003 | BD-RjUL | ||
| 005 | 20211209051111.0 | ||
| 008 | 140324s1964 au abhj 001 0 eng d | ||
| 035 | _a(BD-RjUL)27083 | ||
| 040 |
_aBD-RjUL _beng _cBD-RjUL _dBD-RjUL |
||
| 041 | _aeng | ||
| 082 | 0 | 4 |
_bLAS 1964 _a962.020924 |
| 100 | 1 |
_aLane-Poole, Stanley, _d1854-1931. _980489 |
|
| 245 | 1 | 0 |
_aSaladin and the fall of the kingdom of Jerusalem / _cby Stanley Lane-Poole. |
| 260 |
_a Beirut: _bKhayats, _c1964. |
||
| 300 |
_axxiv, 416 p. : _bill. ; _c20 cm. |
||
| 500 | _aIncludes index. | ||
| 600 | 0 | 0 |
_aSaladin, _cSultan of Egypt and Syria, _d1137-1193. _983904 |
| 651 | 0 |
_aEgypt _xKings and rulers _vBiography. _982986 |
|
| 651 | 0 |
_aSyria _xKings and rulers _vBiography. _982987 |
|
| 651 | 0 |
_aJerusalem _xHistory _yLatin Kingdom, 1099-1244. _976062 |
|
| 651 | 0 |
_aIslamic Empire _xHistory _y750-1258. _979222 |
|
| 830 | 0 |
_aHeroes of the nations _982988 |
|
| 942 |
_2ddc _cBK |
||
| 999 |
_c27012 _d27012 |
||